Culture Générale - Série 1458 - Statistiques

Statistiques générales
  • Ce quiz a été pris 100 fois
  • Le résultat moyen est 5 sur 10
Statistiques - réponses
Question Réponse % Correct
Quel océan borde la ville américaine de San Francisco ? océan Pacifique
100%
Dans quel sport de combat, signifiant "voie de la souplesse", peut-on mettre un "yuko" et un "ippon" à son adversaire ? judo
95%
Comment appelle-t-on un État qui, comme Oman, est placé sous l'autorité d'un sultan ? sultanat
85%
Chez l'humain, quel mot de 5 lettres, désigne la région latérale de la tête, comprise entre le front, l'oeil, la joue, l'oreille et l'occiput ? tempe
60%
Quel sport de ballon s'est à l'origine appelé “mintonette” ? volley-ball
35%
Après la Corse en 1997, et toujours sous la direction du réalisateur Philippe Harel, on retrouve en 2008 "Les Randonneurs à... Saint-Tropez
28%
En 1996, quelle championne de tennis remporte pour la 7e fois le simple dame du tournoi de Wimbledon ? Steffi Graf
28%
Dans le film "Dragonball Evolution", comment s'appelle le héros incarné par Justin Chatwin ? Sangoku
26%
Quel mot, d'origine grecque, désigne un établissement militaire d'enseignement du second degré ? prytanée
10%
Dans le film “Le Ciel, les oiseaux et... ta mère !”, dans quelle ville Jamel Debbouze et ses copains partent-ils en vacances ? Biarritz
8%
Aucun quiz correspondant
Distribution des résultats
% des personnes avec chaque résultat
Percentile par nombre de réponses
Votre historique - résultats
Vous n’avez pas pris ce quiz